LEADER 03178nam 2200625 450 001 9910464005103321 005 20170817212643.0 010 $a1-4623-7699-1 010 $a1-4527-5110-2 010 $a1-282-84041-X 010 $a1-4518-6931-2 010 $a9786612840418 035 $a(CKB)3170000000054990 035 $a(EBL)1607805 035 $a(SSID)ssj0000943965 035 $a(PQKBManifestationID)11503314 035 $a(PQKBTitleCode)TC0000943965 035 $a(PQKBWorkID)10982749 035 $a(PQKB)10356343 035 $a(OCoLC)647099025 035 $a(MiAaPQ)EBC1607805 035 $a(EXLCZ)993170000000054990 100 $a20140226h20082008 uy 0 101 0 $aeng 135 $aur|n|---||||| 181 $ctxt 182 $cc 183 $acr 200 10$aAchieving a soft landing $ethe role of fiscal policy /$fDaniel Leigh 210 1$a[Washington, District of Columbia] :$cInternational Monetary Fund,$d2008. 210 4$dİ2008 215 $a1 online resource (25 p.) 225 1 $aIMF Working Papers 225 0$aIMF working paper ;$vWP/08/69 300 $aDescription based upon print version of record. 311 $a1-4519-1384-2 320 $aIncludes bibliographical references. 327 $aContents; I. Introduction; II. Methodology; III. Results: Macroeconomic Effects of Fiscal Policy Tightening; Figures; 1. Domestic Risk Premium and the Debt-to-GDP Ratio; 2. Exogenous Permanent Cut in Public Consumption of 0.5 Percent of GDP; 3. Exogenous Permanent Cut in Public Investment of 0.5 Percent of GDP; IV. Results: Fiscal Policy and Macroeconomic Stability; 4. Private Savings Shock and Strength of Fiscal Policy Response; 5. Markup Shock and Strength of Fiscal Policy Response; 6. Efficiency Frontier: Markup Shock 327 $a7. Efficiency Frontier for Different Monetary Policy Response Parameters8. Temporary Fall in Risk Premium by 100 Basis Points; 9. Risk Premium Shock and Strength of Fiscal Policy Response; V. Conclusions; References 330 $aThis paper utilizes an open-economy New Keynesian overlapping generations model to assess the extent to which fiscal policy, along side an inflation-forecast-based monetary policy, could enhance macroeconomic stability in Colombia. The model simulations indicate that, in addition to stabilizing output and inflation, a stronger response of the fiscal balance to excess tax revenue would reduce the burden on the central bank of adjusting interest rates, lessen the associated degree of exchange rate volatility, and contribute to a more stable external current account balance. The analysis also ass 410 0$aIMF Working Papers 606 $aFiscal policy$zColombia$xEconometric models 606 $aMonetary policy$zColombia$xEconometric models 608 $aElectronic books. 615 0$aFiscal policy$xEconometric models. 615 0$aMonetary policy$xEconometric models. 676 $a336.861 700 $aLeigh$b Daniel$0867941 801 0$bMiAaPQ 801 1$bMiAaPQ 801 2$bMiAaPQ 906 $aBOOK 912 $a9910464005103321 996 $aAchieving a soft landing$92025806 997 $aUNINA LEADER 02419nim 2200481Ka 450 001 9910148892003321 005 20240912110724.6 010 $a0-00-726587-5 035 $a(CKB)3710000000923831 035 $a(BIP)014165288 035 $a(ODN)ODN0000901936 035 $a(EXLCZ)993710000000923831 100 $a20180414d2007 uy 1 101 0 $aeng 135 $auruna---||||| 181 $cspw$2rdacontent 182 $cs$2rdamedia 182 $cc$2rdamedia 183 $acr$2rdacarrier 200 14$aThe boleyn inheritance /$fPhilippa Gregory 205 $aAbridged. 210 $aGlasgow $cHarperCollins$d2007 215 $a1 online resource (14 audio files) $cdigital 225 0 $aPlantagenet and Tudor Novels,$v10. 300 $aAbridged. 330 $aFrom the bestselling author of 'The Other Boleyn Girl', Philippa Gregory, comes a wonderfully atmospheric evocation of the court of Henry VIII and his final queens. The Last Boleyn is Jane, Lady Rochford ? widow of the disgraced George Boleyn. Caught in the intrigues of the Tudor court, she manoeuvres for personal position as her family in turn tries to manipulate her. The king has married again; his bride is the deceptively astute Anne of Cleves. Her wits are tested as she senses a trap closing around her, with the Howards ready to take advantage of her fall. Central to their plot is the pretty, flirtatious Catherine, ready to take the place once held by her cousin Anne Boleyn.Jane briefly believes that she will escape the fate of all who attempt to betray the royal trust but she reckons without Henry's growing maliciousness. Her fate is sealed; she will be the last Boleyn. Philippa Gregory is the acknowledged queen of historical fiction and this novel again displays her trademark blend of passion and politics, authenticity and tremendously gripping storytelling. 517 $aBoleyn Inheritance, The 606 $aFiction$2OverDrive 606 $aHistorical Fiction$2OverDrive 610 $aGreat britain 610 $aFiction 610 $aLiterature and fiction 615 17$aFiction. 615 7$aHistorical Fiction. 676 $a823.914 686 $aFIC014000$2bisacsh 700 $aGregory$b Philippa$01775614 702 $aNicholl$b Kati$4oth 702 $aFox$b Emilia$4oth 906 $aAUDIO 912 $a9910148892003321 996 $aThe boleyn inheritance$94291492 997 $aUNINA